000 00855nam a2200205 a 4500
005 20200104041536.0
008 140121b2000 ck ||||| |||| 00| 0 spa d
041 _aspa
044 _ack
090 _aIAvH
_b00196
110 _bInstituto de Investigación de Recursos Biológicos Alexander von Humboldt
_9204
245 _aIncentivos a la conservación y al uso sostenible de la biodiversidad colombiana
260 _aBogotá
_bInstituto Alexander von Humboldt
_bDepartamento Nacional de Planeación
_bMinambiente
_bRed de Reservas Naturales de la Sociedad Civil
_bWWF
_c2000
300 _a131 p.
710 _a^aDepartamento Nacional de Planeación
_94425
710 _a^lColombia^aMinisterio del Medio Ambiente
_94576
710 _a^aRed de Reservas Naturales de la Sociedad Civil
_94577
710 _a^aWWF Internacional
_94578
942 _cINFORME
_2z
_01
999 _c2817
_d2817